| 000 | 00000cas 2200000zi 4500 |
| 001 | 9.962759 |
| 003 | CaOODSP |
| 005 | 20260514113413 |
| 006 | m o d f |
| 007 | cr cn |||||||| |
| 008 | 260513d19961999oncfx p o f0### 0fre|d |
| 022 | |y1205-6499 |
| 040 | |aCaOODSP|bfre|erda|cCaOODSP |
| 043 | |an-cn--- |
| 086 | 1 |aIu2-5F-PDF |
| 130 | 0 |aInterConnexion (Ottawa, Ont.). |lFrançais. |
| 245 | 10|aInterConnexion : |bbulletin d'information aux partenaires des Centres de services aux entreprises du Canada. |
| 264 | 1|aOttawa (Ontario) : |bCentres de services aux entreprises du Canada, |c[1996-1999] |
| 310 | |aSemiannuel |
| 336 | |atexte|btxt|2rdacontent/fre |
| 337 | |ainformatique|bc|2rdamedia/fre |
| 338 | |aressource en ligne|bcr|2rdacarrier/fre |
| 362 | 1 |aParaît depuis : Volume 1, no 1 (mai 1996); ne paraît plus après : Volume 4, no 1 (juin 1999). |
| 500 | |aPublié aussi en anglais sous le titre : InterConnexion. |
| 500 | |aÉdition numérisée de l'imprimé [par Innovation, sciences et développement économique Canada]. |
| 588 | |aDescription d'après : Volume 1, no 1 (mai 1996); titre de départ du fichier PDF. |
| 588 | |aDernière livraison consultée : Volume 4, no 1 (juin 1999). |
| 650 | 6|aPetites et moyennes entreprises|zCanada|xServices d'information|vPériodiques. |
| 650 | 6|aEntrepreneuriat|zCanada|xServices d'information|vPériodiques. |
| 650 | 6|aCommerce|xServices d'information|vPériodiques. |
| 650 | 6|aAffaires|zCanada|xServices d'information|vPériodiques. |
| 655 | 7|aPériodiques|2rvmgf |
| 710 | 2 |aCentres de services aux entreprises du Canada, |eorganisme de publication. |
| 775 | 08|tInterConnexion : |w(CaOODSP)9.962760 |